| 000 | 00359nam a22001217a 4500 | ||
|---|---|---|---|
| 008 | 210621b ||||| |||| 00| 0 eng d | ||
| 020 | _a9783950427141 | ||
| 082 | _a306 CRE | ||
| 245 |
_aCREATIVE AUSTRIANS : _bInnovators for the society of the future |
||
| 260 |
_aAustria : _bEurope Integration Foreign Affairs, _cN A. |
||
| 300 |
_a268 P. _c21 cm. |
||
| 942 | _2ddc | ||
| 999 |
_c8766 _d8767 |
||